000 00447nam a2200181Ia 4500
008 230524s9999 xx 000 0 und d
020 _a9780486410163
082 _a533.2
_bLIE
100 _aH. W. Liepmann
_945106
245 0 _aElements of Gas Dynamics
250 _a1
260 _aNew York
_bDover Pub
_c2001
300 _a"xvi,437p;"
500 _aQuantity Number: 1
650 _aMechanical
700 _aA. Roshko
_945107
942 _cBK
999 _c60671
_d60671